<?xml version="1.0" encoding="UTF-8"?>
<record
    xmlns:xsi="http://www.w3.org/2001/XMLSchema-instance"
    xsi:schemaLocation="http://www.loc.gov/MARC21/slim http://www.loc.gov/standards/marcxml/schema/MARC21slim.xsd"
    xmlns="http://www.loc.gov/MARC21/slim">

  <leader>01456nam a2200397   4500</leader>
  <controlfield tag="003">CHAP</controlfield>
  <controlfield tag="005">20240809132218.0</controlfield>
  <controlfield tag="007">ta</controlfield>
  <controlfield tag="008">240809s1987    mx ado|frf||| 001 0 spa d</controlfield>
  <datafield tag="020" ind1=" " ind2=" ">
    <subfield code="a">968-18-1721-4</subfield>
    <subfield code="q">(edici&#xF3;n original)</subfield>
  </datafield>
  <datafield tag="020" ind1=" " ind2=" ">
    <subfield code="a">968-18-2473-3</subfield>
    <subfield code="q">(edici&#xF3;n completa)</subfield>
  </datafield>
  <datafield tag="020" ind1=" " ind2=" ">
    <subfield code="a">968-18-2474-1</subfield>
    <subfield code="q">(vol. 1)</subfield>
  </datafield>
  <datafield tag="020" ind1=" " ind2=" ">
    <subfield code="a">968-18-2475-X</subfield>
    <subfield code="q">(vol. 2)</subfield>
  </datafield>
  <datafield tag="020" ind1=" " ind2=" ">
    <subfield code="a">968-18-2476-8</subfield>
    <subfield code="q">(vol. 3)</subfield>
  </datafield>
  <datafield tag="020" ind1=" " ind2=" ">
    <subfield code="a">968-18-2477-6</subfield>
    <subfield code="q">(vol. 4)</subfield>
  </datafield>
  <datafield tag="040" ind1=" " ind2=" ">
    <subfield code="a">mxchpua</subfield>
    <subfield code="c">CHAP</subfield>
    <subfield code="e">rda</subfield>
  </datafield>
  <datafield tag="041" ind1=" " ind2=" ">
    <subfield code="a">spa</subfield>
    <subfield code="h">eng</subfield>
  </datafield>
  <datafield tag="050" ind1="1" ind2="0">
    <subfield code="a">TJ1185</subfield>
    <subfield code="b">.M36 1987</subfield>
  </datafield>
  <datafield tag="082" ind1="0" ind2="0">
    <subfield code="2">20</subfield>
    <subfield code="a">621.802</subfield>
    <subfield code="b">M36 1987</subfield>
  </datafield>
  <datafield tag="240" ind1="1" ind2=" ">
    <subfield code="a">Machine tool practices.</subfield>
    <subfield code="l">Espa&#xF1;ol</subfield>
  </datafield>
  <datafield tag="245" ind1=" " ind2=" ">
    <subfield code="a">Manual de m&#xE1;quinas herramientas /</subfield>
    <subfield code="c">Richard R. Kibbe, John E. Neely, Roland O. Meyer y Warren t. White ; traductor Rafael Garc&#xED;a D&#xED;az</subfield>
  </datafield>
  <datafield tag="250" ind1=" " ind2=" ">
    <subfield code="a">1a edici&#xF3;n</subfield>
  </datafield>
  <datafield tag="264" ind1=" " ind2=" ">
    <subfield code="a">M&#xE9;xico :</subfield>
    <subfield code="b">Limusa,</subfield>
    <subfield code="c">1987</subfield>
  </datafield>
  <datafield tag="300" ind1=" " ind2=" ">
    <subfield code="a">4 volumenes :</subfield>
    <subfield code="b">ilustraciones, gr&#xE1;ficas, diagramas, tablas, fotos</subfield>
  </datafield>
  <datafield tag="336" ind1=" " ind2=" ">
    <subfield code="2">rdacontent</subfield>
    <subfield code="a">texto</subfield>
    <subfield code="b">txt</subfield>
  </datafield>
  <datafield tag="337" ind1=" " ind2=" ">
    <subfield code="2">rdamedia</subfield>
    <subfield code="a">sin medio</subfield>
    <subfield code="b">n</subfield>
  </datafield>
  <datafield tag="338" ind1=" " ind2=" ">
    <subfield code="2">rdacarrier</subfield>
    <subfield code="a">volumen</subfield>
    <subfield code="b">nc</subfield>
  </datafield>
  <datafield tag="650" ind1="1" ind2="3">
    <subfield code="a">M&#xE1;quinas herramientas</subfield>
    <subfield code="x">Mantenimiento y reparaci&#xF3;n</subfield>
    <subfield code="2">atg</subfield>
    <subfield code="9">186577</subfield>
  </datafield>
  <datafield tag="650" ind1="1" ind2="3">
    <subfield code="a">Power tools</subfield>
    <subfield code="x">Maintenance and repair</subfield>
    <subfield code="2">atg</subfield>
    <subfield code="9">189401</subfield>
  </datafield>
  <datafield tag="700" ind1="1" ind2=" ">
    <subfield code="a">Kibbe, Richard R.</subfield>
    <subfield code="9">63161</subfield>
    <subfield code="e">autor</subfield>
  </datafield>
  <datafield tag="700" ind1="1" ind2=" ">
    <subfield code="a">Neely, John E.</subfield>
    <subfield code="9">189402</subfield>
    <subfield code="e">autor</subfield>
  </datafield>
  <datafield tag="700" ind1="1" ind2=" ">
    <subfield code="a">Meyer, Roland O.</subfield>
    <subfield code="9">189403</subfield>
    <subfield code="e">autor</subfield>
  </datafield>
  <datafield tag="700" ind1="1" ind2=" ">
    <subfield code="a">White, Warren T.</subfield>
    <subfield code="9">189404</subfield>
    <subfield code="e">autor</subfield>
  </datafield>
  <datafield tag="700" ind1="1" ind2=" ">
    <subfield code="a">Garc&#xED;a D&#xED;az, Rafael</subfield>
    <subfield code="9">188033</subfield>
    <subfield code="e">traductor</subfield>
  </datafield>
  <datafield tag="942" ind1=" " ind2=" ">
    <subfield code="2">ddc</subfield>
    <subfield code="c">LIBRO</subfield>
  </datafield>
  <datafield tag="999" ind1=" " ind2=" ">
    <subfield code="c">220068</subfield>
    <subfield code="d">220068</subfield>
  </datafield>
  <datafield tag="952" ind1=" " ind2=" ">
    <subfield code="0">0</subfield>
    <subfield code="1">0</subfield>
    <subfield code="2">ddc</subfield>
    <subfield code="4">0</subfield>
    <subfield code="5">1</subfield>
    <subfield code="7">0</subfield>
    <subfield code="8">GRAL</subfield>
    <subfield code="a">IA_</subfield>
    <subfield code="b">IA_</subfield>
    <subfield code="d">2017-12-05</subfield>
    <subfield code="e">Donaci&#xF3;n</subfield>
    <subfield code="h">Volumen 1</subfield>
    <subfield code="i">Donaci&#xF3;n por Jos&#xE9; D&#xE1;maso Leal Z.</subfield>
    <subfield code="l">0</subfield>
    <subfield code="o">621.802 M36 1987 V.1</subfield>
    <subfield code="p">1102015009</subfield>
    <subfield code="r">2024-08-09 14:14:14</subfield>
    <subfield code="t">Ej. 1</subfield>
    <subfield code="w">2024-08-09</subfield>
    <subfield code="y">LIBRO</subfield>
  </datafield>
  <datafield tag="952" ind1=" " ind2=" ">
    <subfield code="0">0</subfield>
    <subfield code="1">0</subfield>
    <subfield code="2">ddc</subfield>
    <subfield code="4">0</subfield>
    <subfield code="5">1</subfield>
    <subfield code="7">0</subfield>
    <subfield code="8">GRAL</subfield>
    <subfield code="a">IA_</subfield>
    <subfield code="b">IA_</subfield>
    <subfield code="d">2017-12-05</subfield>
    <subfield code="e">Donaci&#xF3;n</subfield>
    <subfield code="h">Volumen 2</subfield>
    <subfield code="i">Donaci&#xF3;n por Jos&#xE9; D&#xE1;maso Leal Z.</subfield>
    <subfield code="l">0</subfield>
    <subfield code="o">621.802 M36 1987 V.2</subfield>
    <subfield code="p">1102015010</subfield>
    <subfield code="r">2024-08-09 14:17:36</subfield>
    <subfield code="t">Ej. 1</subfield>
    <subfield code="w">2024-08-09</subfield>
    <subfield code="y">LIBRO</subfield>
  </datafield>
  <datafield tag="952" ind1=" " ind2=" ">
    <subfield code="0">0</subfield>
    <subfield code="1">0</subfield>
    <subfield code="2">ddc</subfield>
    <subfield code="4">0</subfield>
    <subfield code="5">1</subfield>
    <subfield code="7">0</subfield>
    <subfield code="8">GRAL</subfield>
    <subfield code="a">IA_</subfield>
    <subfield code="b">IA_</subfield>
    <subfield code="d">2017-12-05</subfield>
    <subfield code="e">Donaci&#xF3;n</subfield>
    <subfield code="h">Volumen 3</subfield>
    <subfield code="i">Donaci&#xF3;n por Jos&#xE9; D&#xE1;maso Leal Z.</subfield>
    <subfield code="l">0</subfield>
    <subfield code="o">621.802 M36 1987 V.3</subfield>
    <subfield code="p">1102015011</subfield>
    <subfield code="r">2024-08-09 14:18:37</subfield>
    <subfield code="t">Ej. 1</subfield>
    <subfield code="w">2024-08-09</subfield>
    <subfield code="y">LIBRO</subfield>
  </datafield>
  <datafield tag="952" ind1=" " ind2=" ">
    <subfield code="0">0</subfield>
    <subfield code="1">0</subfield>
    <subfield code="2">local</subfield>
    <subfield code="4">0</subfield>
    <subfield code="5">1</subfield>
    <subfield code="7">0</subfield>
    <subfield code="8">GRAL</subfield>
    <subfield code="a">IA_</subfield>
    <subfield code="b">IA_</subfield>
    <subfield code="d">2017-12-05</subfield>
    <subfield code="e">Donaci&#xF3;n</subfield>
    <subfield code="h">Volumen 4</subfield>
    <subfield code="i">Donaci&#xF3;n por Jos&#xE9; D&#xE1;maso Leal Z.</subfield>
    <subfield code="l">0</subfield>
    <subfield code="o">621.802 M36 1987 V.4</subfield>
    <subfield code="p">1102015012</subfield>
    <subfield code="r">2024-08-09 14:19:32</subfield>
    <subfield code="t">Ej. 1</subfield>
    <subfield code="w">2024-08-09</subfield>
    <subfield code="y">LIBRO</subfield>
  </datafield>
</record>
